000 00595nam a22001457a 4500
020 _a0-590-13434-5
082 _a823
_bSTI/G
100 _aSTINE, R L
245 _aGOOSEBUMPS TALES TO GIVE YOU
260 _aLONDON
_bSCHOLASTIC
_c1995
300 _a134
520 _aFrom an evil baby sister, to a remote control that can control more than just the television set, to a teacher who's obsessed with snakes, to a cute, cuddly, teddy bear gone bad, here are ten creepy, spooky stores guaranteed to give you Goosebumps all night long!
650 _aCHILDRENS STORY BOOK
_zUNITED KINGDOM
942 _cBK
999 _c8027
_d8027